[Event "Pocos de Caldas op"]
[Site "Pocos de Caldas"]
[Date "2019.02.10"]
[Round "6"]
[White "Semensato, Joao Pedro Ravagnan"]
[Black "Malek, Omar Rasselen Abdul"]
[Result "1/2-1/2"]
[WhiteElo "1714"]
[BlackElo "1800"]
[PlyCount "65"]
[EventDate "2019.02.08"]
[EventType "swiss"]
[EventRounds "6"]
[EventCountry "BRA"]
[SourceTitle "CBM 189 Extra"]
[Source "ChessBase"]
[SourceDate "2019.06.03"]
[SourceVersion "1"]
[SourceVersionDate "2019.06.03"]
[SourceQuality "1"]

1. d4 f5 2. c4 e6 3. Nf3 Nf6 4. Bg5 Be7 5. g3 0-0 6. Bg2 d5 7. cxd5 exd5 8. 0-0 Nbd7 9. Nc3 c6 10. Qb3 Kh8 11. Nd2 Ne4 12. Ndxe4 fxe4 13. Bf4 Bf6 14. Be3 Nb6 15. Na4 Nc4 16. Rad1 Qe7 17. Nc5 Bf5 18. Qc3 Rf7 19. b3 Nd6 20. Bf4 Nb5 21. Qc1 Nxd4 22. Rfe1 b6 23. Na4 Qd7 24. Be3 c5 25. Nc3 Qb7 26. Bf4 Rd8 27. e3 Ne6 28. Nb5 Nxf4 29. exf4 Rfd7 30. Nc3 Bxc3 31. Qxc3 d4 32. Qc4 Re8 33. b4 1/2-1/2